000 00587nam a2200181Ia 4500
008 090123s9999 xx 000 0 und d
082 _b23281
100 _aपोतदार कृष्णा
245 _aचैतन्याची पाने
250 _a1
260 _bचेतश्री प्रकाशन
_c1993
300 _a92
600 _aपोतदार कृष्णा
630 _aचैतन्याची पाने
700 _aपोतदार कृष्णा
730 _aचैतन्याची पाने
942 _cBOOK
999 _c61353
_d61353